عرض عادي
عرض مارك
- Kamolz, Lars-Peter
مدخل إسم شخص
001 - رقم الضبط
- حقل الضبط: 64519
003 - معرف رقم الضبط
- حقل الضبط: OSt
005 - تاريخ ووقت أخر عملية
- حقل الضبط: 20180829174829.0
008 - عناصر بيانات ثابتة الطول
- حقل تحكم ثابت الطول: 180829|| aca||aabn | a|a d
040 ## - مصدر الفهرسة
- هيئة الفهرسة الأصلية: OSt
- وكالة الكتابة: OSt
100 ## - مدخل -- أسم شخص
- إسم شخص: Kamolz, Lars-Peter
670 ## - بيانات المصدر موجوده
- الاستشهاد بالمصدر: Work cat.: (OSt)0: Handbook of burns. Volume 2, Reconstruction and rehabilitation, c2012
